000 01202nam a2200325Ia 4500
003 CO-BoRNBP
005 20250605105305.0
007 ta
008 180109s9999 xx 000 0 und d
020 _a9788421695449
040 _aCO-BoRNBP
_bspa
_erda
_cCO-BoRNBP
041 _aspa
082 0 _a333.954 M34a
100 1 _aMills, Andrea,
_937821
245 1 0 _aAnimales en su hábitat :
_blas especies amenazadas hablan /
_cAndrea Mills ; traducción de Manuel Pijoan ; edición de Begoña Lozano.
250 _aSegunda edición
264 1 _aMadrid :
_bGrupo Editorial Bruño;2005
300 _a80 páginas :
_bilustraciones, fotografías en color ;
_c31 cm
336 _atexto
_btxt
_2rdacontent
337 _asin mediación
_bn
_2rdamedia
338 _avolumen
_bnc
_2rdacarrier
500 _aIncluye índice alfabético.
505 0 _aLos bosques Los desiertos Los océanos Las praderas Las montañas.
650 0 4 _aAnimales - Naturaleza
_2LEMB
_959786
650 0 0 _aAnimales
_2LEMB
650 0 0 _aAnimales
_xhabitos y conducta
_xdvd
_2LEMB
_959787
650 0 4 _aAnimales - Habitat.
_2LEMB
_959788
700 1 _aPijoan, Manuel, traductor \ Lozano, Begoña, editora
_959789
942 _2ddc
_cBK
999 _c57185
_d57185